Development and democratization in the Third World : myths, hopes, and realities
Αποθηκεύτηκε σε:
| Άλλοι συγγραφείς: | |
|---|---|
| Μορφή: | Βιβλίο |
| Γλώσσα: | English |
| Δημοσίευση: |
London :
Taylor & Francis,
c1992
|
| Θέματα: | |
| Ετικέτες: |
Προσθήκη ετικέτας
Δεν υπάρχουν, Καταχωρήστε ετικέτα πρώτοι!
|
MARC
| LEADER | 00000nam a2200000 i 4500 | ||
|---|---|---|---|
| 001 | 1/99319 | ||
| 008 | 000127s1992 eng d | ||
| 020 | |a 0-8448-1723-6 | ||
| 035 | |l 10056838 | ||
| 040 | |a GR-MY-UA |b gre |e aacr | ||
| 041 | 0 | |a eng | |
| 082 | 0 | |a 338.90091724 | |
| 245 | 1 | 0 | |a Development and democratization in the Third World : |b myths, hopes, and realities / |c Edited by Kenneth E. Bauzon |
| 260 | |a London : |b Taylor & Francis, |c c1992 | ||
| 300 | |a 344 p. |b tabl. | ||
| 504 | |a Includes bibliographical references and index | ||
| 650 | 0 | 0 | |a Economic development. |
| 650 | 0 | 0 | |a Democracy |z Developing countries. |
| 651 | 0 | |a Developing countries |x Economic conditions. | |
| 700 | 1 | |a Bauzon, Kenneth Espana. |4 edt | |
| 852 | |a INST |b LESVOS |e 20000127 |h 338.90091724 DEV |p 005100018751 |q 005100018751 |t BK |y 0 | ||
| 901 | |a BIBL1-2000-1 | ||
| 909 | |a Λ |b 071147 | ||
| 922 | |a 1ΕΛΗ |b 199912 |c ΚΠΣ/ΤΓ |d LEADER | ||
| 950 | |a 118-1999-09-03 | ||
| 970 | |a ΜΟΥΣΤΑΚΑ |b ΠΗΝΕΛΟΠΗ |z 2000/02/01 | ||